Регионална библиотека "Любен Каравелов" - Русе

Столът на леля Тилда (Запис номер 3002)

MARC детайли
000 -Лидер
Контролно поле с фиксирана дължина 01294nam a2200325 c 4500
003 - Код на организацията, давaща контролен номер
Контролно поле BLK
005 - Дата и час на последна редакция
Контролно поле 20210719174658.0
008 - Елементи от данни с фиксирана дължина
fixed length control field 180412b bul|||||r ||||||| ||bul||
010 ## - Наследен системен номер
LC control number KNG00004035000
020 ## - Международен стандартен номер на книга ISBN
Международен стандартен номер на книга ISBN 954-657-005-2
-- издат.: Пан
040 ## - Източник на каталожния запис
Идентификатор на билиотеката - собственик на записа BLK
041 ## - Код за език
Код за езика на текст/звукозапис или на отделно заглавие Български
Код за езика КДБФ Български
080 ## - УДК
Текстов определител УДК Английска литература
УДК код - определител по УДК 821.111
УДК определител -93-34
УДК - код + определител 821.111-93-34
100 1# - Редна дума - Автор
Автор Кинкейд, Люси
Авторска отговорност първи автор
R(LIN) 363516
139 ## - Редно поле
Редна дума Кинкейд, Люси
Авторски знак Кин - К 54
245 10 - Сведения за заглавието
Заглавие Столът на леля Тилда
Подзаглавни данни Приказка
Редно поле (дума) Люси Кинкейд; ил. Ерик Кинкейд; прев. от англ. Пенка Костадинова.
257 ## - Страна на издаване
Страна на създаване/издаване Великобритания
260 ## - Област на издателските данни
-- София
Име на издателя, разпространителя и проч. Пан
Година на издаване 1994
300 ## - Физическа характеристика
Страници 28 с.
Илюстрации и др. с цв. ил.
Размери/Мащаб 28 см
380 ## - Жанр
Жанр Детска худож. лит.
490 1# - СЕРИИ (Колекции)
Име на серия Поредица Приказки от работилницата
500 ## - Общи забележки
Забележка Ориг. загл. Aunt Tilda. - Авт. не е отбелязан на кор.
700 1# - Други автори (авторска отговорност)
Лично име Кинкейд, Ерик
Автороска отговорност (Описва отношението между автора и произведението) ил.
9 (RLIN) 363319
700 1# - Други автори (авторска отговорност)
Лично име Костадинова, Пенка
Автороска отговорност (Описва отношението между автора и произведението) прев. от англ.
9 (RLIN) 246631
852 ## - Местоположение
Форматна сигнатура Цб ІІ 7987
856 4# - Електронен адрес и достъп
Електронен формат pdf - файл
Път до файла /url/
856 4# - Електронен адрес и достъп
Електронен формат pdf - файл
Път до файла /url/
942 ## - АРТИКУЛИ
Вид на библиотечния материал Книги
Скрит в OPAC Не
Koha issues (borrowed), all copies 6
944 ## - СЪЗДАВАНЕ И РЕДАКЦИЯ на ЗАПИСА
Създаване/Редакция Създаване
Дата на регистрацията/редакция 15.01.2003
Служител, извършил регистрацията/редакцията Милена_Ачева
944 ## - СЪЗДАВАНЕ И РЕДАКЦИЯ на ЗАПИСА
Създаване/Редакция Редакция
Дата на регистрацията/редакция 28.09.2017
Служител, извършил регистрацията/редакцията Вася_Ганчева
999 ## - СИСТЕМНИ КОНТРОЛНИ НОМЕРА
Koha biblionumber 3002
Koha biblioitemnumber 3002
Наличности
Код за отписване Код за изгубен артикул Източник на класификационната схема Код за повреда Коз за рестрикции Код за отдаване Артикулен № Име на библиотеката - собственик Име на библиотеката, в която се намира в момента Статус (Текущо местоположение) Дата на вписване в системата Местоположение - отдел Цена в лева Инвентарен номер Систематично азбучна сигнатура Баркод Номер на екземпляра Цена в евро Служебна бележка Служебен тип на артикула Бележка за публиката
  Не е изгубен Universal Decimal Classification Не е повреден без рестрикции ползва се в читалня 5476 Регионална библиотека "Любен Каравелов" Русе Регионална библиотека "Любен Каравелов" Русе Хранилище 1994-01-01 Хранилище 0.60 605763 Цб ІІ 7987 120000605763 1 0.31 Дост: Dp Вид: Д N: 37 Дата: 01.01.1994 Книги  
Изтеглен Не е изгубен   Не е повреден без рестрикции заемане за дома 5477 Регионална библиотека "Любен Каравелов" Русе Регионална библиотека "Любен Каравелов" Русе   1994-01-01 Детски отдел 2.09 605119 ДХ 820/899/К 54 605119 2 1.07 Дост: Pk Вид: Ф N: стар фонд Дата: 01.01.1994 Дата инв: 02.11.2015 Бележки инв: Д2015 Книги Отч.N: 40/2017 , Дата: 07.09.2017
Изтеглен Не е изгубен Universal Decimal Classification Не е повреден без рестрикции заемане за дома 5478 Регионална библиотека "Любен Каравелов" Русе Регионална библиотека "Любен Каравелов" Русе Детски отдел 1994-01-01 Детски отдел 2.09 605120 ДХ 820/899/К 54 605120 3 1.07 Дост: Pk Вид: Ф N: стар фонд Дата: 01.01.1994 Дата инв: 13.08.2015 Бележки инв: Д2015 Книги  
Изтеглен Не е изгубен   Не е повреден без рестрикции заемане за дома 5479 Регионална библиотека "Любен Каравелов" Русе Регионална библиотека "Любен Каравелов" Русе Детски отдел 1994-01-01 Детски отдел 2.09 627423 ДХ 820/899/К 54 627423 4 1.07 Дост: Pk Вид: Ф N: стар фонд Дата: 01.01.1994 Дата инв: 13.08.2015 Бележки инв: Д2015 Книги  
Vip Innovations Ltd, Rousse, Bulgaria 2025